The charm school /

Bibliographic Details
Main Author: DeMille, Nelson
Format: Book
Language:English
Published: New York, NY : Warner Books, 1988.

MARC

Tag First Indicator Second Indicator Subfields
LEADER 00000cam a2200000 a 4500
001 in00000025055
005 20151007055714.0
008 871209s1988 nyu 00011 eng
010 |a  87034637  
020 |a 0446513059 :  |c $17.95 
035 |a (OCoLC)17300504 
035 |9 AAB9031AM 
040 |a DLC  |c DLC  |d TXA  |d UtOrBLW 
049 |a TXAM  |c [A11532766] 
050 0 0 |a PS3554.E472  |b C48 1988 
082 0 |a 813/.54  |2 19 
100 1 |a DeMille, Nelson. 
245 1 4 |a The charm school /  |c Nelson DeMille. 
264 1 |a New York, NY :  |b Warner Books,  |c 1988. 
300 |a 533 pages ;  |c 24 cm. 
336 |a text  |b txt  |2 rdacontent 
337 |a unmediated  |b n  |2 rdamedia 
338 |a volume  |b nc  |2 rdacarrier 
999 |a MARS 
999 f f |s 23faa432-566a-3297-87a5-a8812b6ef689  |i 773604c6-1f81-354a-86e9-1f18eb84a005  |t 0 
952 f f |p normal  |a Texas A&M University  |b College Station  |c Sterling C. Evans Library  |d Evans: Library Stacks  |t 0  |e PS3554.E472 C48 1988  |h Library of Congress classification  |i unmediated -- volume  |m A14811532766 
998 f f |a PS3554.E472 C48 1988  |t 0  |l Evans: Library Stacks